Crying in TV Shows Quiz Stats

 Plays Quiz Updated Oct 14, 2019

Score 0/18 Timer 04:00
3 Plays Today
% Correct
SpongeBob SquarePants
99.5%
Friends
97.9%
Family Guy
96.4%
The Simpsons
95.3%
South Park
94.3%
The Office (US)
93.4%
The Big Bang Theory
93.2%
How I Met Your Mother
93.1%
House, M.D.
87%
% Correct
Futurama
86%
Game of Thrones
77.9%
The X-Files
71.9%
Sherlock
70.5%
Lost
64.9%
Rick and Morty
61.3%
Stranger Things
60.6%
Mad Men
52.9%
Six Feet Under
38.9%

You're not logged in!

Compare scores with friends on all Sporcle quizzes.
OR
Log In

Sporcle TV

Today on Sporcle TV


Watch our educational content, quiz creation guides, and fun videos on Sporcle TV.

Show Comments

Extras

Top Quizzes Today


Score Distribution

Your Account Isn't Verified!

In order to create a playlist on Sporcle, you need to verify the email address you used during registration. Go to your Sporcle Settings to finish the process.

Report this User

Report this user for behavior that violates our Community Guidelines.

Details: